Paths of glory / (Record no. 29889)

MARC details
000 -LEADER
fixed length control field 01055cam a2200325 a 4500
001 - CONTROL NUMBER
control field 243544580
003 - CONTROL NUMBER IDENTIFIER
control field OCoLC
005 - DATE AND TIME OF LATEST TRANSACTION
control field 20240626162849.0
008 - FIXED-LENGTH DATA ELEMENTS--GENERAL INFORMATION
fixed length control field 081216s2009 nyu 000 1 eng
010 ## - LIBRARY OF CONGRESS CONTROL NUMBER
LC control number 2008054221
020 ## - INTERNATIONAL STANDARD BOOK NUMBER
International Standard Book Number 9780312539511
020 ## - INTERNATIONAL STANDARD BOOK NUMBER
International Standard Book Number 0312539517
035 ## - SYSTEM CONTROL NUMBER
System control number (OCoLC)243544580
040 ## - CATALOGING SOURCE
Original cataloging agency DLC
Transcribing agency DLC
Modifying agency BTCTA
-- BAKER
-- YDXCP
-- UPZ
-- IH9
-- SX@
049 ## - LOCAL HOLDINGS (OCLC)
Holding library SX@A
082 00 - DEWEY DECIMAL CLASSIFICATION NUMBER
Classification number 823/.914
Edition number 22
099 ## - LOCAL FREE-TEXT CALL NUMBER (OCLC)
Classification number Archer, J.
100 1# - MAIN ENTRY--PERSONAL NAME
Personal name Archer, Jeffrey,
Dates associated with a name 1940-
245 10 - TITLE STATEMENT
Title Paths of glory /
Statement of responsibility, etc. Jeffrey Archer.
250 ## - EDITION STATEMENT
Edition statement 1st U.S. ed.
260 ## - PUBLICATION, DISTRIBUTION, ETC. (IMPRINT)
Place of publication, distribution, etc. New York :
Name of publisher, distributor, etc. St. Martin's Press,
Date of publication, distribution, etc. 2009.
300 ## - PHYSICAL DESCRIPTION
Extent 372 p. ;
Dimensions 25 cm.
520 ## - SUMMARY, ETC.
Summary, etc. This real-life mountaineering mystery recounts the story of Britain's George Mallory and his attempt to scale Mt. Everest.
590 ## - LOCAL NOTE (RLIN)
Local note ardfic03/09.
600 10 - SUBJECT ADDED ENTRY--PERSONAL NAME
Personal name Mallory, George,
Dates associated with a name 1886-1924
Form subdivision Fiction.
650 #0 - SUBJECT ADDED ENTRY--TOPICAL TERM
Topical term or geographic name as entry element Mountaineers
Geographic subdivision Great Britain
Form subdivision Fiction.
650 #0 - SUBJECT ADDED ENTRY--TOPICAL TERM
Topical term or geographic name as entry element Mountaineering
Geographic subdivision Everest, Mount (China and Nepal)
Form subdivision Fiction.
655 #7 - INDEX TERM--GENRE/FORM
Genre/form data or focus term Biographical fiction.
Source of term gsafd.
942 ## - ADDED ENTRY ELEMENTS (KOHA)
Koha item type Libro/Book
Holdings
Withdrawn status Lost status Damaged status Not for loan Home library Current library Shelving location Date acquired Inventory number Total Checkouts Full call number Barcode Checked out Date last seen Date checked out Price effective from Koha item type
        San Juan Del Sur -- Biblioteca San Juan Del Sur -- Biblioteca English 26/06/2024 Inventory date: 15-5-25 5 F 30030613 18/03/2026 11/02/2026 11/02/2026 26/06/2024 Libro/Book

Powered by Koha